|
|
|
|
| LEADER |
00000nab a2200000uu 4500 |
| 001 |
vtls011450694 |
| 003 |
SK-MaSNL |
| 005 |
20260303151310.0 |
| 008 |
230222|2002 xo |||||||||||||||||eng| |
| 015 |
|
|
|a SNBRB
|
| 035 |
|
|
|a (urnnbn)urn:nbn:sk:snk:ar-006jxe
|
| 035 |
|
|
|a (uuid)fefa67d9-36f6-4e40-a9b6-de27a0a4119f
|
| 035 |
|
|
|a urn:nbn:sk:snk-abcmtp
|
| 040 |
|
|
|a SNKBUCL
|b slo
|c SNKBUCL
|e AACR2
|
| 041 |
0 |
|
|a eng
|
| 044 |
|
|
|a xo
|c SK
|
| 100 |
1 |
|
|a Potocký, Rastislav
|4 aut
|9 282941
|
| 245 |
1 |
0 |
|a ON RELATIVELY UNIFORM CONVERGENCE OF WEIGHTED SUMS OF B-LATTICE VALUED RANDOM ELEMENTS
|c Rastislav Potocký
|
| 773 |
0 |
|
|t Mathematica Slovaca
|g Roč. 52, č. 4 (2002), s. 433-442
|
| 958 |
|
|
|a OND
|
| 958 |
|
|
|a EUIPO
|
| 958 |
|
|
|a article16
|
| 999 |
|
|
|c 2017002
|d 2018932
|